000 00716nam a22002177a 4500
003 OSt
005 20251127160202.0
008 251127b |||||||| |||| 00| 0 eng d
020 _a1-4039-3565-3.
040 _aDWCL-Main lib
_cOC
082 _aCirc. 302.2322 R523a 2007
100 _aRichardson, John E.
245 _aAnalysing newspapers :
_ban approach from critical discourse analysis
_cRichardson, John E.
260 _aN. Y. :
_bPalgrave McMillan,
_cc2007.
300 _axi, 268 pages ;
_c23 cm.
504 _aIncludes bibliographical references and index.
650 _21. Discourse analysis.
650 _22. Journalism-Objectivity.
650 _23. Newspapers-Language.
942 _2ddc
_cBK-CIRC
_kCirc.
_n0
999 _c6507
_d6507